| 000 | 00514nam a2200133Ia 4500 | ||
|---|---|---|---|
| 008 | 170516s9999 xx 000 0 und d | ||
| 245 | _aReliability and validity of the ultrasound technique to measure the rectus femoris muscle diameter in older CAD-patients | ||
| 260 | _bBMC Medical Imaging | ||
| 260 | _c2012 | ||
| 300 | _a12: | ||
| 650 | _xMedical Technology | ||
| 650 | _xMedtech | ||
| 856 | _uhttp://bmcmedimaging.biomedcentral.com/articles?tab=keyword&searchType=journalSearch&sort=PubDate&volume=12&page=2 | ||
| 999 |
_c330714 _d330714 |
||